<?xml version="1.0" encoding="UTF-8"?>
<collection xmlns="http://www.loc.gov/MARC21/slim">
  <record>
    <leader>00000nam  2200000   4500</leader>
    <controlfield tag="001">INLIS000000000012262</controlfield>
    <controlfield tag="005">20220418083530</controlfield>
    <datafield tag="035" ind1="#" ind2="#">
      <subfield code="a">0010-0422000144</subfield>
    </datafield>
    <datafield tag="245" ind1="1" ind2="#">
      <subfield code="a">LKPM HUNTER untuk Meningkatkan Nilai Realisasi Investasi Kota Balikpapan Kepala Seksi Pengendalian dan Pelaksanaan Penanaman Modal DPMPTSP Kota Balikpapan /</subfield>
      <subfield code="c">ASTRI REZEKI, ST.</subfield>
    </datafield>
    <datafield tag="100" ind1="1" ind2="#">
      <subfield code="a">REZEKI, Astri</subfield>
    </datafield>
    <datafield tag="250" ind1="#" ind2="#">
      <subfield code="a">1</subfield>
    </datafield>
    <datafield tag="300" ind1="#" ind2="#">
      <subfield code="a">63 halaman ; lampiran :</subfield>
      <subfield code="b">ilustrasi ;</subfield>
      <subfield code="c">30 cm</subfield>
    </datafield>
    <datafield tag="260" ind1="#" ind2="#">
      <subfield code="a">Samarinda :</subfield>
      <subfield code="b">Puslatbang KDOD,</subfield>
      <subfield code="c">2021</subfield>
    </datafield>
    <datafield tag="084" ind1="#" ind2="#">
      <subfield code="a">PKP 243 2021</subfield>
    </datafield>
    <datafield tag="650" ind1="#" ind2="4">
      <subfield code="a">Proyek Perubahan</subfield>
    </datafield>
    <datafield tag="650" ind1="#" ind2="4">
      <subfield code="a">Kepemimpinan Pengawas</subfield>
    </datafield>
    <datafield tag="650" ind1="#" ind2="4">
      <subfield code="a">teknologi informasi</subfield>
    </datafield>
    <datafield tag="650" ind1="#" ind2="4">
      <subfield code="a">manajemen data</subfield>
    </datafield>
    <datafield tag="650" ind1="#" ind2="4">
      <subfield code="a">sistem database</subfield>
    </datafield>
    <datafield tag="650" ind1="#" ind2="4">
      <subfield code="a">investasi daerah</subfield>
    </datafield>
    <datafield tag="650" ind1="#" ind2="4">
      <subfield code="a">inovasi pemerintah</subfield>
    </datafield>
    <datafield tag="520" ind1="#" ind2="#">
      <subfield code="a">Laporan proyek perubahan ini menjelaskan tentang masalah kurangnya pelaku usaha yang melaksanakan kewajiban penyampaian Laporan Kegiatan Penanaman Modal (LKPM) dan terdapat masalah pada penginputan data di sistem LKPM Online. Proyek Perubahan LKPM Hunter adalah aksi perburuan nilai realisasi investasi dengan fokus perburuan adalah perusahaan- perusahaan yang memiliki nilai investasi besar dan menengah, perusahaan yang masih dalam dan baru selesai  tahapan konstruksi sehingga memahami mengenai LKPM dan pelaksanaan kewajiban penyampainnya serta memfasilitasi permasalahan dapa penginputan data di SIstem LKPM Online.</subfield>
    </datafield>
    <datafield tag="500" ind1="#" ind2="#">
      <subfield code="a">Coach : Muhammad Harry Rahmadi, S.Pi., MM&#13;
Penguji : Windra Mariani, SH&#13;
Mentor : Drs. Elvin Juraidi, M.Si</subfield>
    </datafield>
    <datafield tag="990" ind1="#" ind2="#">
      <subfield code="a">PKP/243/2021</subfield>
    </datafield>
  </record>
</collection>
